|
|
|
|
| LEADER |
00000nab a2200000 a 4500 |
| 001 |
vtls000177140 |
| 003 |
SK-MaSNL |
| 005 |
20260302201827.0 |
| 008 |
160201c1984 xo 0 cze |
| 015 |
|
|
|a SNBRB19rr/mm-uuuuu
|
| 035 |
|
|
|a CL0187253
|
| 040 |
|
|
|a SNKBUCL
|b slo
|c SNKBUCL
|e AACR2
|
| 041 |
0 |
|
|a cze
|
| 044 |
|
|
|a xo
|c SK
|
| 080 |
|
|
|a 635.63:631.541.3
|2 1981
|
| 080 |
|
|
|a 631.541.3
|2 1981
|
| 100 |
1 |
|
|a Maláč, Pavel
|4 aut
|9 922741
|
| 245 |
1 |
0 |
|a Metoda roubování okurek a její význam
|c Pavel Malač
|
| 300 |
|
|
|b Tb. 2.
|
| 650 |
0 |
7 |
|a uhorky
|2 snkbucl
|9 1083
|
| 655 |
|
7 |
|a články z novín a časopisov
|2 snkbucl
|9 267496
|
| 773 |
0 |
|
|t Záhradníctvo
|g Roč. 9, č. 3 (1984), s. 114-115
|
| 850 |
|
|
|a Slovenská národná knižnica v Martine
|a MTA001
|
| 852 |
|
|
|a SNK
|b KIS3GCP
|
| 958 |
|
|
|a RK
|
| 958 |
|
|
|a CZ
|
| 992 |
|
|
|a RBX
|
| 999 |
|
|
|c 1462313
|d 1464243
|